Film dont le titre commence par un W - Statistiques

Statistiques générales
  • Ce quiz a été pris 3 fois
  • Le résultat moyen est 7 sur 30
Statistiques - réponses
Année Réalisateur Genre 1 acteur ou
1 actrice
Titre % Correct
1928 Karl Gune Historique Charles Vanel Waterloo
67%
1967 Jean-Luc Godard Drame Jean Yanne Week-end
67%
2020 Patty Jenkins Action Chris Pine Wonder Woman 1984
67%
1970 Michael Wadleigh Musical Joe Cocker Woodstock
67%
2007 Adrienne Shelly Comédie Keri Russell Waitress
33%
2008 Bryan Singer Thriller Tom Cruise Walkyrie
33%
1970 Barbara Loden Drame Michael Higgins Wanda
33%
2016 Todd Philips Comédie Miles Teller War dogs
33%
1983 John Badham Action Matthew Broderick War games
33%
1996 Ken Pisani Science fiction Jack Palance War games
33%
1986 Fred Walton Fantastique Jay Baker Week end de terreur
33%
2012 Roger Michell Drame Bill Murray Week-end royal
33%
1955 Jacques Tourneur Western Joel McCrea Wichita
33%
1995 Walter Hill Western Karen Huie Wild bill
33%
2013 James Mangold Action Mai Ishikawa Wolverine le combat de l'immortel
33%
2005 Oliver Stone Drame Kevin Watson World Trade Center
33%
2013 Marc Forster Thriller Brad Pitt World War Z
33%
1970 Stuart Rosenberg Drame Paul Newman Wusa
33%
1996 Jean-Charles Deniau Drame Richard Chamberlain Wallenberg
0%
1952 Duilio Coletti Drame Franck Villard Wanda la pécheresse
0%
2017 Enguerrand Jouvin Drame Gary Guénaire Wanderlust
0%
1976 Arthur Hiller Drame Rod Steiger W.C. Fields et moi
0%
2005 Faouzi Bensaidi Drame Nezha Rahil What a wonderful world
0%
1956 Ralph Thomas Comédie David Kossoff Whisky vodka et jupon de fer
0%
2017 Craig Johnson Comédie Woody Harrelson Wilson
0%
1999 Chris Roberts Science fiction Richard Dillane Wing commander
0%
1948 Anthony Asquith Drame Neil North Winslow contre le roi
0%
2008 Oliver Stone Biographie Josh Brolin W l'improbable président
0%
2016 Jan Gassman Drame Peter Jecklin Wonderland
0%
2004 Chen Kaige Aventures Dong-gun Jang Wu ju la légende des cavaliers du vent
0%
Aucun quiz correspondant
Distribution des résultats
% des personnes avec chaque résultat
Percentile par nombre de réponses
Votre historique - résultats
Vous n’avez pas pris ce quiz